| 000 | 01523nam0a2200337 i 4500 | ||
|---|---|---|---|
| 001 | RU\NLR\bibl\1894034 | ||
| 005 | 20240921101400.0 | ||
| 010 |
_a9785902165323 _9200 |
||
| 021 |
_aRU _b2012-23612 _91766 |
||
| 035 | _a(NLR Aleph) 001883708 | ||
| 090 |
_a2825756 _c2825756 |
||
| 100 | _a20120417d2011 u y0rusy50 ca | ||
| 101 | 0 | _arus | |
| 102 | _aRU | ||
| 105 | _aa ||||||||| | ||
| 200 | 1 |
_aПочетные граждане города Челябинска _eсправочник _fУпр. культуры Администрации г. Челябинска, МУК "Централиз. библ. система" г. Челябинска _g[сост.: Г.В. Бречко, Л.А. Мангилева] |
|
| 210 |
_aЧелябинск _cКрокус _d2011 |
||
| 215 |
_a184 с. _cил., портр. _d23 |
||
| 225 | 1 | _aНовый взгляд - новые решения | |
| 300 | _aНа авантит.: Челябинск, 275 | ||
| 320 | _aБиблиогр.: с. 139-183 (439 назв.) | ||
| 606 | 1 |
_aПочетные граждане _jСправочники _yЧелябинск, город _92102470 _3RU\NLR\auth\661575030 |
|
| 686 | _aТ3(2Р-4Че-2Чел)я21 | ||
| 702 | 1 |
_aБречко _bГ. В. _4220 |
|
| 712 | 0 | 2 |
_4570 _aЦентрализованная библиотечная система _cЧелябинск _9310405 _3RU\NLR\AUTH\8810211639 |
| 801 | 0 |
_aRU _bNLR _c20120417 _gRCR |
|
| 801 | 1 |
_aRU _bNLR _c20120417 |
|
| 942 | _cBOOK | ||
| 980 | _aNBR | ||